01007cam a22003614i 4500003000900000005001700009008004100026020001500067035002700082040003300109082002200142100003700164245006800201264005000269300003900319336002100358337002500379338002300404490004000427505004100467526001000508526001000518526001000528526001000538526000800548526000800556526000800564526000800572526000800580526000800588526000800596630004100604PE-LiUPU20250731173456.0150616s1991 miu r 000 0 spa d a0801010586 a(Sirsi) i9780801010583 aPE-LiUPUbspacPE-LiUPUerda04a227.1077bB692211 aBoice, James Montgomery,eautor.10aRomans; God and History, Romans 9-11 /cJames Montgomery Boice. 1aGrand Rapids, Michigan :bBaker Books,c1991. a1498 páginas ;c23 centímetros atext2rdacontent aunmediated2rdamedia avolume2rdacarrier0 aAn expositional commentary. Romans0 aComentarios de Romanos 9-11 Romanos. aSEG42 aSEG41 aSEG40 aSEG39 aP94 aP87 aP86 aP85 aP77 aP76 aP35 aBiblia.pN.T.pRomanosxComentarios.